[Event "BL 8283 Markth'feld-Solingen"]
[Site "?"]
[Date "1983.??.??"]
[Round "?.4"]
[White "Riefner, E."]
[Black "Friehoff, H."]
[Result "1-0"]
[WhiteElo "2245"]
[BlackElo "2255"]
[PlyCount "97"]
[EventDate "1983.??.??"]

1. e4 e5 2. Nf3 Nc6 3. Bb5 Bc5 4. O-O Qf6 5. Nc3 Nge7 6. d3 h6 7. Be3 Bb6 8.
Bxb6 axb6 9. Re1 O-O 10. Bxc6 bxc6 11. d4 d6 12. Re3 Ng6 13. Ne2 Re8 14. Qd2
exd4 15. Qxd4 Qxd4 16. Nexd4 Bb7 17. Nd2 Ra4 18. Nf5 Bc8 19. Ng3 Be6 20. a3 b5
21. c3 c5 22. Rc1 c4 23. Nf3 Nf4 24. Ne1 Bd7 25. Rd1 f6 26. f3 Kf7 27. Kf2 Raa8
28. Ne2 Ne6 29. g3 Nc5 30. Nc1 Re7 31. Ng2 g5 32. g4 h5 33. h3 Rh8 34. Kg3 hxg4
35. hxg4 Ke8 36. Rg1 Reh7 37. Re2 Rh3+ 38. Kf2 Rh2 39. Kf1 R8h3 40. Ne1 Rxe2
41. Nxe2 Na4 42. Ng3 Nxb2 43. Nh5 Rh2 44. Ng2 Ke7 45. Kf2 Rh3 46. Ne3 Nd3+ 47.
Kg2 Rh4 48. Kg3 Ne5 49. Rf1 {ZÜ} 1-0

[Event "BL 8283 Markth'feld-Solingen"]
[Site "?"]
[Date "1983.??.??"]
[Round "?.6"]
[White "Meinberger, L."]
[Black "Bilek, M."]
[Result "1/2-1/2"]
[WhiteElo "2240"]
[BlackElo "2305"]
[PlyCount "46"]
[EventDate "1983.??.??"]

1. d3 c5 2. g3 Nc6 3. Bg2 d5 4. Nd2 Nf6 5. c3 e6 6. Ngf3 g6 7. O-O Bg7 8. Re1
O-O 9. a3 b6 10. Rb1 Bb7 11. b4 Nd7 12. Bb2 Rc8 13. e3 Nce5 14. Nxe5 Nxe5 15.
Nf3 Nxf3+ 16. Bxf3 cxb4 17. cxb4 Bxb2 18. Rxb2 Rc3 19. a4 Qc7 20. d4 Rc8 21. h4
Bc6 22. b5 Bd7 23. Qd2 Rc1 1/2-1/2

[Event "BL 8283 Markth'feld-Solingen"]
[Site "?"]
[Date "1983.??.??"]
[Round "?.8"]
[White "Jahr, U."]
[Black "Besser, H."]
[Result "1-0"]
[WhiteElo "2240"]
[BlackElo "2360"]
[PlyCount "85"]
[EventDate "1983.??.??"]

1. e4 g6 2. d4 Bg7 3. Nc3 d6 4. Bc4 Nf6 5. Qe2 e5 6. dxe5 dxe5 7. Nf3 Qe7 8.
Bg5 c6 9. O-O h6 10. Be3 Nh5 11. Rad1 Nd7 12. a3 Nb6 13. Ba2 Be6 14. Bxe6 Qxe6
15. b3 O-O 16. Qd2 Nf4 17. Ne2 Nxe2+ 18. Qxe2 Qe7 19. a4 Rad8 20. a5 Nc8 21.
Qc4 Rxd1 22. Rxd1 Rd8 23. Rd3 Rxd3 24. Qxd3 a6 25. h3 Qd6 26. Qc4 Bf8 27. Qc3
f6 28. Nh4 Kh7 29. Qc4 Qd7 30. Kh2 Nd6 31. Qd3 Qe6 32. Bc5 Be7 33. Qg3 Qf7 34.
Qg4 Bf8 35. Bxd6 Bxd6 36. Nxg6 Qxg6 37. Qd7+ Kg8 38. Qxd6 Qxe4 39. Qb8+ Kg7 40.
Qxb7+ Kg6 41. Qxa6 Qxc2 42. Qc4 Qxf2 43. Qg8+ 1-0

[Event "BL 8283 Bochum-Markth'feld"]
[Site "?"]
[Date "1983.??.??"]
[Round "?.1"]
[White "Goehring, K."]
[Black "Borik, O."]
[Result "1-0"]
[WhiteElo "2365"]
[BlackElo "2380"]
[PlyCount "59"]
[EventDate "1983.??.??"]

1. c4 e6 2. Nc3 d5 3. d4 c5 4. cxd5 exd5 5. Nf3 Nc6 6. g3 Nf6 7. Bg2 Be7 8. O-O
O-O 9. Bg5 cxd4 10. Nxd4 h6 11. Be3 Re8 12. Nxc6 bxc6 13. Na4 Bf5 14. Rc1 Qd7
15. Nc5 Bxc5 16. Rxc5 Be4 17. Qa4 Bxg2 18. Kxg2 Rac8 19. Rfc1 Re4 20. Bd4 Qf5
21. e3 Ree8 22. Bxf6 Qxf6 23. Rxc6 Rxc6 24. Qxc6 Re6 25. Qxd5 Qxb2 26. Rc8+ Kh7
27. Qf5+ Rg6 28. Qxf7 Rf6 29. Qg8+ Kg6 30. Qe8+ 1-0

[Event "BL 8283 Bochum-Markth'feld"]
[Site "?"]
[Date "1983.??.??"]
[Round "?.3"]
[White "Oechslein, R."]
[Black "Bachmann, K."]
[Result "1/2-1/2"]
[WhiteElo "2205"]
[BlackElo "2295"]
[PlyCount "79"]
[EventDate "1983.??.??"]

1. e4 c5 2. Nf3 e6 3. d4 cxd4 4. Nxd4 Nf6 5. Nc3 d6 6. Bc4 a6 7. Bb3 Bd7 8. O-O
Nc6 9. Be3 Be7 10. f4 O-O 11. f5 Nxd4 12. Bxd4 e5 13. Be3 Bc6 14. Qf3 b5 15.
Rad1 b4 16. Nd5 Nxd5 17. Bxd5 Rc8 18. Rf2 Bxd5 19. Rxd5 Rc6 20. Bd2 Rxc2 21.
Bxb4 Qb6 22. Bc3 Bg5 23. Kf1 Rc1+ 24. Rd1 Qb5+ 25. Ke1 Rxd1+ 26. Qxd1 Qc4 27.
Qg4 f6 28. h4 Bf4 29. Qf3 Qxa2 30. Qd3 Rd8 31. g3 Bh6 32. b4 Qf7 33. Bd2 Bxd2+
34. Rxd2 Qb7 35. Qd5+ Qxd5 36. Rxd5 Kf7 37. Ra5 Rb8 38. Rxa6 Rxb4 39. Ra7+ Ke8
40. Ra8+ 1/2-1/2

[Event "BL 8283 Bochum-Markth'feld"]
[Site "?"]
[Date "1983.??.??"]
[Round "?.4"]
[White "Wittmann, R."]
[Black "Riefner, E."]
[Result "1/2-1/2"]
[WhiteElo "2325"]
[BlackElo "2245"]
[PlyCount "49"]
[EventDate "1983.??.??"]

1. e4 e6 2. d4 d5 3. Nd2 Nf6 4. e5 Nfd7 5. f4 c5 6. c3 Nc6 7. Ndf3 Qb6 8. g3
cxd4 9. cxd4 f6 10. Bd3 Bb4+ 11. Kf1 O-O 12. Kg2 Be7 13. Ne2 f5 14. b3 Qd8 15.
a3 Nb6 16. Be3 Bd7 17. Qb1 a6 18. h4 h5 19. Rc1 Na7 20. Bd2 Rc8 21. Qb2 Rxc1
22. Nxc1 Na8 23. Na2 Qb6 24. Nc3 g6 25. Rc1 1/2-1/2

[Event "BL 8283 Bochum-Markth'feld"]
[Site "?"]
[Date "1983.??.??"]
[Round "?.6"]
[White "Beckemeyer, W."]
[Black "Meinberger, L."]
[Result "1-0"]
[WhiteElo "2280"]
[BlackElo "2240"]
[PlyCount "129"]
[EventDate "1983.??.??"]

1. e4 c5 2. Nf3 e6 3. d4 cxd4 4. Nxd4 a6 5. Bd3 g6 6. c4 Bg7 7. Nf3 Qc7 8. O-O
d6 9. Nc3 Nd7 10. Bf4 Ne5 11. Rc1 Ne7 12. Be2 b6 13. Qa4+ Qc6 14. Rfd1 Bd7 15.
Qxc6 Bxc6 16. Rxd6 Nxf3+ 17. Bxf3 Rc8 18. Be2 O-O 19. f3 Rfd8 20. c5 Bd4+ 21.
Kf1 bxc5 22. Bxa6 Ra8 23. Rxd8+ Rxd8 24. Rc2 Ra8 25. Bc4 Nc8 26. Ne2 Bg7 27. b3
Nb6 28. Bd3 Nd7 29. Nc1 f5 30. exf5 gxf5 31. Bd6 Bf8 32. Bxf8 Kxf8 33. Ke1 Ke7
34. Kd2 Kd6 35. Kc3 Nb6 36. Kb2 h5 37. Bc4 Bd5 38. Rd2 h4 39. Ne2 Kc6 40. Bxd5+
exd5 41. Nf4 Re8 42. Re2 Rxe2+ 43. Nxe2 Nd7 44. Nf4 Ne5 45. Kc2 d4 46. Nd3 Ng6
47. Kd2 Kd5 48. Ke2 c4 49. bxc4+ Kxc4 50. Kd2 Kd5 51. Kc2 Kc4 52. Kd2 Kd5 53.
Kd1 Kc4 54. Kc2 Ne7 55. Nb2+ Kd5 56. Kb3 d3 57. Kc3 d2 58. Kxd2 Kd4 59. Nd3 Nd5
60. a4 Ne3 61. Nf4 Nc4+ 62. Ke2 Ne5 63. a5 Nc6 64. a6 Kc5 65. Ng6 1-0

[Event "BL 8283 Bochum-Markth'feld"]
[Site "?"]
[Date "1983.??.??"]
[Round "?.8"]
[White "Ueter, H."]
[Black "Jahr, U."]
[Result "1-0"]
[WhiteElo "2210"]
[BlackElo "2240"]
[PlyCount "79"]
[EventDate "1983.??.??"]

1. e4 e6 2. d4 d5 3. Nd2 c5 4. exd5 exd5 5. Bb5+ Bd7 6. Qe2+ Be7 7. dxc5 Nf6 8.
Nb3 O-O 9. Be3 Re8 10. Nf3 a6 11. Bd3 Ba4 12. Nfd4 Nbd7 13. O-O Bxb3 14. axb3
Bxc5 15. Qd1 Ne5 16. h3 Qb6 17. Ra4 Ne4 18. c3 Nc6 19. Bc2 Rad8 20. Re1 Re5 21.
Qd3 Rde8 22. Nxc6 Qxc6 23. Bxc5 Qxc5 24. Rd4 g6 25. b4 Qb6 26. Rf1 Kg7 27. Qd1
a5 28. Bb3 axb4 29. Rxb4 Qc5 30. Qd4 Qxd4 31. cxd4 Rf5 32. Re1 Re6 33. f3 Nd6
34. Rxe6 fxe6 35. Rb6 Nc4 36. Rxb7+ Kf6 37. Bxc4 dxc4 38. Rb4 Ra5 39. Rxc4 Kf5
40. Rc5+ 1-0

[Event "BL 8283 Solingen-Porz"]
[Site "?"]
[Date "1983.??.??"]
[Round "?.1"]
[White "Hort, V."]
[Black "Spassky, B."]
[Result "1/2-1/2"]
[WhiteElo "2600"]
[BlackElo "2610"]
[PlyCount "38"]
[EventDate "1983.??.??"]

1. e4 e5 2. Nf3 Nc6 3. Bb5 a6 4. Ba4 d6 5. c3 Bd7 6. d4 g6 7. O-O Bg7 8. Be3
Nf6 9. dxe5 dxe5 10. Nbd2 Qe7 11. b4 b6 12. Bb3 O-O 13. a4 h6 14. h3 Rfd8 15.
Qc2 Nh5 16. Rfd1 Nf4 17. Nf1 Be8 18. N1h2 Rxd1+ 19. Rxd1 Rd8 1/2-1/2

[Event "BL 8283 Solingen-Porz"]
[Site "?"]
[Date "1983.??.??"]
[Round "?.3"]
[White "Marian, R."]
[Black "Borngaesser, R."]
[Result "1/2-1/2"]
[WhiteElo "2325"]
[BlackElo "2320"]
[PlyCount "32"]
[EventDate "1983.??.??"]

1. c4 f5 2. Nc3 Nf6 3. g3 g6 4. Bg2 Bg7 5. Nf3 d6 6. O-O e5 7. d4 e4 8. Ng5 O-O
9. f3 exf3 10. exf3 h6 11. Nh3 Nc6 12. Nf4 Kh7 13. d5 Ne5 14. b3 Bd7 15. Bb2 g5
16. Nd3 Ng6 1/2-1/2

[Event "BL 8283 Solingen-Porz"]
[Site "?"]
[Date "1983.??.??"]
[Round "?.4"]
[White "Friehoff, H."]
[Black "Schmidt, B."]
[Result "1-0"]
[WhiteElo "2255"]
[BlackElo "2355"]
[PlyCount "103"]
[EventDate "1983.??.??"]

1. d4 Nf6 2. Nf3 b6 3. c4 Bb7 4. Nc3 e6 5. Bg5 h6 6. Bh4 Be7 7. e3 Ne4 8. Bg3
Nxg3 9. hxg3 c5 10. d5 Bf6 11. Qc2 exd5 12. Nxd5 Bxd5 13. cxd5 d6 14. Bb5+ Kf8
15. a4 g6 16. g4 a6 17. Be2 Qe7 18. Nd2 Nd7 19. g3 Kg7 20. Ra3 Qe5 21. Rb3 b5
22. axb5 axb5 23. Rxb5 Ra1+ 24. Nb1 Qxd5 25. O-O Qc6 26. Nd2 Rxf1+ 27. Bxf1 h5
28. gxh5 Rxh5 29. e4 Ne5 30. Ra5 Qc8 31. Ra7 Nc6 32. Ra3 Bd4 33. Nc4 Qe6 34.
Qe2 Ne5 35. Rb3 Ng4 36. Rf3 d5 37. exd5 Qxd5 38. Bg2 Rh2 39. Ne3 Qe6 40. Rf4
Nxe3 41. Kxh2 Nxg2 42. Qxe6 fxe6 43. Kxg2 Bxb2 44. Kf3 Bd4 45. Re4 e5 46. Re2
Kf6 47. Ke4 c4 48. Ra2 c3 49. Ra6+ Kf7 50. f3 Kg7 51. Rc6 Bf2 52. g4 1-0

[Event "BL 8283 Solingen-Porz"]
[Site "?"]
[Date "1983.??.??"]
[Round "?.5"]
[White "Ostermeyer, P."]
[Black "Dueball, J."]
[Result "1/2-1/2"]
[WhiteElo "2435"]
[BlackElo "2455"]
[PlyCount "79"]
[EventDate "1983.??.??"]

1. Nf3 Nf6 2. c4 g6 3. g3 Bg7 4. Bg2 O-O 5. O-O d6 6. d4 Nbd7 7. Nc3 e5 8. Qc2
Re8 9. Rd1 e4 10. Ng5 e3 11. Bxe3 Rxe3 12. fxe3 Ng4 13. Nxf7 Kxf7 14. Bd5+ Kf8
15. Rf1+ Ndf6 16. Rf3 c6 17. h3 cxd5 18. Nxd5 Kg8 19. hxg4 Nxd5 20. cxd5 Bxg4
21. Rf4 Bf5 22. e4 Bxd4+ 23. Kg2 Bd7 24. Raf1 Qe7 25. Rf7 Qxf7 26. Rxf7 Kxf7
27. e3 Bb6 28. Qf2+ Kg7 29. Qf4 Bc7 30. e5 dxe5 31. Qb4 Rd8 32. Qe7+ Kg8 33. e4
Bb6 34. a4 Bg4 35. Qg5 h5 36. Qxg6+ Kh8 37. Qf6+ Kg8 38. Qg6+ Kh8 39. Qf6+ Kg8
40. Qg6+ 1/2-1/2

[Event "BL 8283 Solingen-Porz"]
[Site "?"]
[Date "1983.??.??"]
[Round "?.6"]
[White "Bilek, M."]
[Black "Gerusel, M."]
[Result "1/2-1/2"]
[WhiteElo "2305"]
[BlackElo "2390"]
[PlyCount "39"]
[EventDate "1983.??.??"]

1. e4 c5 2. Nf3 e6 3. d4 cxd4 4. Nxd4 a6 5. Bd3 Nc6 6. Nxc6 bxc6 7. O-O d5 8.
c4 Nf6 9. Nd2 Be7 10. Qe2 O-O 11. b3 a5 12. Bb2 Ba6 13. f4 g6 14. Kh1 Re8 15.
Rad1 a4 16. cxd5 Bxd3 17. Qxd3 cxd5 18. Bxf6 Bxf6 19. exd5 exd5 20. Nf3 1/2-1/2

[Event "BL 8283 Delmenhorst-HSK"]
[Site "?"]
[Date "1983.??.??"]
[Round "?.1"]
[White "Chandler, M."]
[Black "Juhnke, K."]
[Result "1-0"]
[WhiteElo "2505"]
[BlackElo "2320"]
[PlyCount "93"]
[EventDate "1983.??.??"]

1. e4 c5 2. Nf3 d6 3. d4 cxd4 4. Nxd4 Nf6 5. Nc3 a6 6. Be2 e5 7. Nb3 Be7 8. O-O
O-O 9. Be3 Be6 10. Qd2 Nbd7 11. a4 Rc8 12. a5 Nc5 13. Nxc5 dxc5 14. Qxd8 Rfxd8
15. f3 h6 16. Na4 Nd7 17. Rfd1 Kf8 18. Rd2 Ke8 19. Rad1 Bg5 20. Kf2 g6 21. g3
Bxe3+ 22. Kxe3 c4 23. f4 f6 24. h4 Ke7 25. h5 g5 26. f5 Bf7 27. g4 Rc7 28. Nb6
c3 29. bxc3 Rxc3+ 30. Kf2 Rc7 31. c4 Bg8 32. Kf3 Bf7 33. Ke3 Bg8 34. Rd6 Bf7
35. c5 Nxb6 36. Rxd8 Nd7 37. Rh8 Rxc5 38. Rxh6 Rxa5 39. Rh8 Nc5 40. Bf3 Ra3+
41. Kf2 Nb3 42. h6 Nd4 43. Rxd4 exd4 44. h7 d3 45. Rb8 d2 46. Rxb7+ Kd6 47. Rb1
{Zü} 1-0

[Event "BL 8283 Delmenhorst-HSK"]
[Site "?"]
[Date "1983.??.??"]
[Round "?.2"]
[White "Meyer, CD."]
[Black "Reefschlaeger, H."]
[Result "0-1"]
[WhiteElo "2365"]
[BlackElo "2380"]
[PlyCount "90"]
[EventDate "1983.??.??"]

1. e4 e6 2. d4 d5 3. e5 c5 4. c3 Nc6 5. Nf3 Qb6 6. a3 c4 7. Nbd2 Bd7 8. Be2 Na5
9. O-O Ne7 10. Rb1 h6 11. b3 cxb3 12. c4 Ba4 13. c5 Qc7 14. Bb2 b6 15. Rc1 bxc5
16. dxc5 Rb8 17. Bd3 Nec6 18. Qe2 Qb7 19. Ne1 Bb5 20. f4 g6 21. Kh1 h5 22. Nef3
Bxd3 23. Qxd3 Qb5 24. Qc3 Nb7 25. Nxb3 Nba5 26. Nxa5 Nxa5 27. a4 Qb4 28. Qxb4
Rxb4 29. Bc3 Rxa4 30. Bxa5 Rxa5 31. c6 Bc5 32. Rb1 Bb6 33. Rfc1 Ra4 34. g3 Ke7
35. Rc3 Rc8 36. Rbc1 Ra2 37. Ng5 Rb2 38. Nh7 a5 39. Nf6 Rb4 40. Nd7 a4 41. Ra3
Bd4 42. Rc2 Bb2 43. Rxa4 Rxa4 44. Nb6 Ra1+ 45. Kg2 Rc7 0-1

[Event "BL 8283 Delmenhorst-HSK"]
[Site "?"]
[Date "1983.??.??"]
[Round "?.3"]
[White "Cordes, H."]
[Black "Hermann, Man"]
[Result "1/2-1/2"]
[WhiteElo "2280"]
[BlackElo "2365"]
[PlyCount "61"]
[EventDate "1983.??.??"]

1. d4 d5 2. c4 c6 3. Nf3 Nf6 4. Nc3 e6 5. cxd5 exd5 6. Qc2 g6 7. Bg5 Bg7 8. Ne5
O-O 9. e3 Bf5 10. Bd3 Bxd3 11. Qxd3 Nbd7 12. O-O Re8 13. f4 h6 14. Bh4 Nf8 15.
g4 Qc8 16. f5 g5 17. Bg3 N8d7 18. h3 Ne4 19. Nxe4 dxe4 20. Qc3 Nf6 21. b4 Qd8
22. Rac1 a6 23. Rf2 Nd5 24. Qb3 f6 25. Nc4 Bf8 26. a3 Kg7 27. Rb2 Be7 28. Kf2
Qd7 29. Qc2 h5 30. Re1 h4 31. Bh2 1/2-1/2

[Event "BL 8283 Enger-Lasker"]
[Site "?"]
[Date "1983.??.??"]
[Round "?.1"]
[White "Wockenfuss, K."]
[Black "Gruen, G."]
[Result "1-0"]
[WhiteElo "2390"]
[BlackElo "2285"]
[PlyCount "67"]
[EventDate "1983.??.??"]

1. d4 Nf6 2. Nc3 d5 3. Bg5 Nbd7 4. Nf3 h6 5. Bxf6 Nxf6 6. Qd3 c6 7. e4 Qa5 8.
e5 Ne4 9. Nd2 Bf5 10. Ndxe4 Bxe4 11. Qd2 Bf5 12. Bd3 Bxd3 13. Qxd3 e6 14. O-O
Be7 15. Kh1 c5 16. f4 g6 17. dxc5 Qxc5 18. Nb5 Rc8 19. c3 h5 20. Nd4 Qc4 21.
Qh3 Qa6 22. Rfd1 Bc5 23. Nb3 Qe2 24. Rxd5 Be3 25. Rd6 O-O 26. Qg3 Rc4 27. Re1
Rxf4 28. Rdd1 Qxb2 29. Qxe3 Rc4 30. Qd2 Qxd2 31. Rxd2 Rxc3 32. h3 Kg7 33. Rd7
Rc2 34. Nd4 1-0

[Event "BL 8283 Enger-Lasker"]
[Site "?"]
[Date "1983.??.??"]
[Round "?.2"]
[White "Fleck, J."]
[Black "Paulsen, D."]
[Result "1-0"]
[WhiteElo "2365"]
[BlackElo "2330"]
[PlyCount "103"]
[EventDate "1983.??.??"]

1. Nf3 Nf6 2. d4 e6 3. g3 c5 4. Bg2 Nc6 5. O-O Qb6 6. c3 d5 7. Qb3 Qxb3 8. axb3
cxd4 9. cxd4 Bd7 10. Nc3 Rc8 11. Bd2 Be7 12. Nb5 a6 13. Nc3 Bb4 14. Rfd1 Ke7
15. Ne5 Bd6 16. Bf4 Rhd8 17. Nxf7 Kxf7 18. Bxd6 Be8 19. Bf4 Na7 20. Rac1 Rc6
21. Na2 Rdc8 22. Rxc6 Rxc6 23. Rc1 Rxc1+ 24. Nxc1 Nc6 25. e3 Ke7 26. Kf1 Nb4
27. f3 Bb5+ 28. Ke1 h6 29. g4 g5 30. Bg3 h5 31. h3 hxg4 32. hxg4 Nd7 33. Kd2
Kf6 34. Bd6 Nc6 35. Ne2 Bxe2 36. Kxe2 Na5 37. Bc7 Nc6 38. Bh3 e5 39. dxe5+
Ndxe5 40. f4 Nd7 41. Bg2 gxf4 42. exf4 Nd4+ 43. Kd3 Ne6 44. Bd6 Nec5+ 45. Ke3
Ke6 46. Bxc5 Nxc5 47. b4 Na4 48. Kd4 Nb6 49. b3 Kd6 50. f5 Nd7 51. Bxd5 Ne5 52.
g5 1-0

[Event "BL 8283 Enger-Lasker"]
[Site "?"]
[Date "1983.??.??"]
[Round "?.3"]
[White "Grzesik, T."]
[Black "Kunsztowicz, U."]
[Result "0-1"]
[WhiteElo "2330"]
[BlackElo "2350"]
[PlyCount "92"]
[EventDate "1983.??.??"]

1. e4 g6 2. Nf3 Bg7 3. d3 Nf6 4. g3 O-O 5. Bg2 c5 6. O-O Nc6 7. c3 d6 8. Re1
Bg4 9. h3 Bxf3 10. Bxf3 Nd7 11. Bg2 Rc8 12. a4 a6 13. Na3 Rb8 14. f4 Qc7 15.
Nc4 b5 16. axb5 axb5 17. Ne3 e6 18. Bd2 b4 19. Ra6 bxc3 20. bxc3 Nb6 21. Qb3
Rb7 22. Rb1 Rfb8 23. Qa2 h5 24. Rb5 Nc8 25. Rxb7 Qxb7 26. Nc4 Qc7 27. Kh2 N8e7
28. Qa4 Rc8 29. h4 Kh7 30. Na3 Qd8 31. Nb5 Rb8 32. Na3 Rb6 33. Ra8 Qd7 34. Nc4
Rb1 35. Na5 Qc7 36. Nxc6 Nxc6 37. Ra6 Rb6 38. Rxb6 Qxb6 39. Qa2 Na5 40. Be1 Nc6
41. Qa8 Nd8 42. Bf2 Bxc3 43. Qc8 Bf6 44. e5 dxe5 45. Bxc5 Qb2 46. Qd7 exf4 0-1

[Event "BL 8283 HSK-Enger"]
[Site "?"]
[Date "1983.??.??"]
[Round "?.1"]
[White "Gruen, G."]
[Black "Chandler, M."]
[Result "1/2-1/2"]
[WhiteElo "2285"]
[BlackElo "2505"]
[PlyCount "102"]
[EventDate "1983.??.??"]

1. d4 d5 2. c4 e6 3. Nf3 c5 4. cxd5 exd5 5. g3 Nc6 6. Bg2 Nf6 7. O-O Be7 8. Nc3
O-O 9. b3 Re8 10. Bb2 Bg4 11. dxc5 Bxc5 12. Rc1 Bf8 13. h3 Bh5 14. e3 h6 15.
Ne2 Bg6 16. Nf4 Be4 17. Bxf6 Qxf6 18. Nxd5 Qb2 19. Nd4 Nxd4 20. exd4 Rad8 21.
Bxe4 Rxe4 22. Rc2 Qa3 23. Qd3 Ree8 24. Ne3 Qd6 25. Rd1 g6 26. d5 h5 27. Rc4 Bh6
28. Re4 Qd7 29. Kg2 Rxe4 30. Qxe4 Re8 31. Qf3 Bxe3 32. fxe3 Qd6 33. e4 Re5 34.
Qf4 Kg7 35. Rd4 g5 36. Qf3 h4 37. g4 b5 38. Qc3 Kh7 39. Qb4 Qf6 40. Qd2 Qd6 41.
Qb4 Qf6 42. Qxb5 Rf5 43. gxf5 Qxd4 44. Qe2 Kg7 45. Kh2 Kf6 46. Kg2 Ke5 47. Kf3
Qc3+ 48. Qe3 Qa1 49. Kg4 f6 50. Kh5 Qd1+ 51. Kg6 g4 1/2-1/2

[Event "BL 8283 HSK-Enger"]
[Site "?"]
[Date "1983.??.??"]
[Round "?.2"]
[White "Reefschlaeger, H."]
[Black "Fleck, J."]
[Result "1/2-1/2"]
[WhiteElo "2380"]
[BlackElo "2365"]
[PlyCount "87"]
[EventDate "1983.??.??"]

1. d4 f5 2. Nc3 d5 3. Bg5 g6 4. h4 Bg7 5. Nf3 c6 6. e3 Be6 7. Bd3 Nd7 8. Bf4
Ngf6 9. a3 h6 10. Ne5 Nxe5 11. Bxe5 Qd7 12. f3 O-O 13. Ne2 Nh5 14. Bxg7 Kxg7
15. Qd2 Qd6 16. Nf4 Nxf4 17. exf4 h5 18. O-O c5 19. c3 c4 20. Bc2 Bd7 21. Rae1
b5 22. Re5 a5 23. Rfe1 e6 24. g4 Rh8 25. gxf5 gxf5 26. Kh1 Kf7 27. Rg1 Rhg8 28.
Rg5 Rxg5 29. fxg5 Kg6 30. Qe2 a4 31. Qe3 Rh8 32. Qf4 Qb8 33. Kg2 Rf8 34. Kg3
Rc8 35. Bd1 Qc7 36. Be2 Qb8 37. Bf1 Qc7 38. Be2 Qb8 39. Bd1 Qc7 40. Re1 Qb8 41.
Qxb8 Rxb8 42. Kf4 Rb6 43. Ke5 Be8 44. Rg1 1/2-1/2

[Event "BL 8283 HSK-Enger"]
[Site "?"]
[Date "1983.??.??"]
[Round "?.3"]
[White "Kunsztowicz, U."]
[Black "Cordes, H."]
[Result "1-0"]
[WhiteElo "2350"]
[BlackElo "2280"]
[PlyCount "65"]
[EventDate "1983.??.??"]

1. d4 Nf6 2. c4 e6 3. g3 Bb4+ 4. Bd2 a5 5. Bg2 d5 6. Nf3 Nc6 7. O-O dxc4 8. Bg5
h6 9. Bxf6 Qxf6 10. a3 Bd6 11. Nc3 O-O 12. Ne4 Qf5 13. Ned2 Qb5 14. Qc2 c3 15.
bxc3 Re8 16. e4 Bf8 17. a4 Qh5 18. e5 Ne7 19. Nh4 f5 20. exf6 gxf6 21. Ne4 Qf7
22. Rfe1 Nd5 23. Qb3 Ra6 24. c4 Nb4 25. Rad1 Bd7 26. Qf3 e5 27. dxe5 Rxe5 28.
Qf4 Kg7 29. Nf3 Re8 30. Rd2 f5 31. Ne5 Qe6 32. Rxd7+ Kh8 33. Nd2 1-0

[Event "BL 8283 HSK-Enger"]
[Site "?"]
[Date "1983.??.??"]
[Round "?.4"]
[White "Gruenberg, Ra"]
[Black "Clemens, C."]
[Result "1/2-1/2"]
[WhiteElo "2315"]
[BlackElo "2380"]
[PlyCount "25"]
[EventDate "1983.??.??"]

1. e4 d5 2. exd5 Nf6 3. d4 Nxd5 4. Nf3 Bg4 5. c4 Nb6 6. Be2 e6 7. O-O Be7 8.
Be3 O-O 9. Ne5 Bxe2 10. Qxe2 N8d7 11. Nc3 c6 12. Rad1 Nxe5 13. dxe5 1/2-1/2

[Event "BL 8283 HSK-Enger"]
[Site "?"]
[Date "1983.??.??"]
[Round "?.7"]
[White "Markmann, U."]
[Black "Schacht, H."]
[Result "1/2-1/2"]
[WhiteElo "2225"]
[BlackElo "2220"]
[PlyCount "102"]
[EventDate "1983.??.??"]

1. d4 Nf6 2. c4 e6 3. Nc3 c5 4. d5 exd5 5. cxd5 d6 6. e4 g6 7. f3 Bg7 8. Bg5
O-O 9. Qd2 Nbd7 10. Nh3 h6 11. Be3 Kh7 12. Nf2 a6 13. a4 Rb8 14. Be2 Qe7 15.
O-O Ne8 16. Rfe1 Nc7 17. f4 f5 18. e5 b5 19. axb5 axb5 20. Ra7 b4 21. Rxc7 bxc3
22. bxc3 dxe5 23. Bxc5 Qd8 24. Bxf8 Qxc7 25. Bxg7 Kxg7 26. fxe5 Qxe5 27. Bb5
Qd6 28. Re6 Qc5 29. c4 Rb6 30. Qc3+ Kf7 31. Qe3 Qxe3 32. Rxe3 Nf6 33. Nd3 Ne4
34. Re1 Nd6 35. Ne5+ Kf6 36. Bd7 Ne4 37. Bxc8 Kxe5 38. c5 Rb5 39. c6 Rxd5 40.
Bb7 Rc5 41. h3 g5 42. Rd1 Nd6 43. Ba8 Rc2 44. Kf1 Rc5 45. Kg1 Rc2 46. Kf1 Rc5
47. Re1+ Ne4 48. Rd1 Nd6 49. Kg1 Ra5 50. Bb7 Rc5 51. Re1+ Kf6 1/2-1/2

[Event "BL 8283 HSK-Enger"]
[Site "?"]
[Date "1983.??.??"]
[Round "?.8"]
[White "Schroeder, C."]
[Black "Groenegress, W."]
[Result "1-0"]
[WhiteElo "2230"]
[BlackElo "2210"]
[PlyCount "115"]
[EventDate "1983.??.??"]

1. e4 c5 2. Nf3 e6 3. d3 Nc6 4. g3 g6 5. Bg2 Bg7 6. O-O Nge7 7. c3 O-O 8. Re1
d6 9. Nbd2 Rb8 10. a4 a6 11. Nf1 b5 12. axb5 axb5 13. d4 cxd4 14. cxd4 Bd7 15.
Bf4 e5 16. dxe5 dxe5 17. Bg5 Bg4 18. N1d2 Qd7 19. Nb3 Qxd1 20. Rexd1 Rfd8 21.
h3 Bxf3 22. Bxf3 h6 23. Be3 Nd4 24. Nxd4 exd4 25. Bf4 Rbc8 26. Ra7 Nc6 27. Rb7
g5 28. Bd2 Rb8 29. Rc7 Rdc8 30. Rxc8+ Rxc8 31. Rc1 Ne7 32. Be2 d3 33. Rxc8+
Nxc8 34. Bxd3 Bxb2 35. Bxb5 Nd6 36. Bd3 f6 37. Kg2 Kg7 38. f4 Bd4 39. Kf3 gxf4
40. gxf4 Nf7 41. Kg4 Nd6 42. Kh5 Nf7 43. Bc4 Nd6 44. Bd3 Nf7 45. Bb4 Be3 46.
Kg4 h5+ 47. Kf3 Bd4 48. Bc4 Nh8 49. Be2 Ng6 50. Bd2 Ne7 51. Kg3 Kh6 52. f5+ Kg7
53. Bxh5 Be5+ 54. Kg2 Ng8 55. Bb4 Nh6 56. Kf3 Ng8 57. Be8 Nh6 58. Bc5 1-0

[Event "BL 8283 Lasker-Delmenhorst"]
[Site "?"]
[Date "1983.??.??"]
[Round "?.1"]
[White "Juhnke, K."]
[Black "Wockenfuss, K."]
[Result "1/2-1/2"]
[WhiteElo "2320"]
[BlackElo "2390"]
[PlyCount "43"]
[EventDate "1983.??.??"]

1. d4 d6 2. c4 e5 3. Nf3 e4 4. Ng5 f5 5. Nc3 Be7 6. Nh3 Nf6 7. g3 O-O 8. Nf4 c6
9. h4 Na6 10. e3 Nc7 11. d5 Ng4 12. Be2 Ne5 13. b4 a5 14. b5 cxb5 15. cxb5 Bd7
16. Qb3 Rc8 17. Na4 Na8 18. Bb2 Bf6 19. Nh5 Nb6 20. Nxf6+ gxf6 21. Nxb6 Qxb6
22. a4 1/2-1/2

[Event "BL 8283 Lasker-Delmenhorst"]
[Site "?"]
[Date "1983.??.??"]
[Round "?.2"]
[White "Paulsen, D."]
[Black "Meyer, CD."]
[Result "1-0"]
[WhiteElo "2330"]
[BlackElo "2365"]
[PlyCount "117"]
[EventDate "1983.??.??"]

1. d4 Nf6 2. c4 d6 3. Nc3 Nbd7 4. Nf3 e5 5. g3 Be7 6. Bg2 O-O 7. O-O a6 8. Qc2
c6 9. Rd1 Qc7 10. b3 Re8 11. Bb2 Bf8 12. c5 exd4 13. cxd6 Bxd6 14. Nxd4 g6 15.
Rac1 Bf8 16. e4 Qa5 17. h3 Bg7 18. f4 Nh5 19. Qf2 f5 20. e5 Nxe5 21. fxe5 Bxe5
22. Nde2 Be6 23. Nf4 Nf6 24. Na4 Bf7 25. Rc5 Qc7 26. Rxe5 Rxe5 27. Qb6 Qxb6+
28. Nxb6 Rae8 29. Bxe5 Rxe5 30. Kf2 g5 31. Nd3 Rb5 32. Na4 Bd5 33. Nc3 Ra5 34.
Nb4 Bxg2 35. Kxg2 Rc5 36. Na4 Re5 37. Kf3 g4+ 38. hxg4 fxg4+ 39. Kf4 Re2 40.
Rd8+ Kf7 41. Nd3 Rxa2 42. Rb8 b5 43. Nac5 Ke7 44. Rb7+ Kf8 45. Kf5 Nd5 46. Kxg4
a5 47. Kf5 h5 48. Ke6 Rg2 49. Ne5 Rxg3 50. Kd6 h4 51. Kxc6 Nc3 52. Rf7+ Kg8 53.
Ncd7 Ne4 54. Kd5 Re3 55. Kd4 Re1 56. Rf4 Nd6 57. Rg4+ Kh8 58. Nf6 Nf5+ 59. Kd3
1-0

[Event "BL 8283 Lasker-Delmenhorst"]
[Site "?"]
[Date "1983.??.??"]
[Round "?.3"]
[White "Hermann, Man"]
[Black "Grzesik, T."]
[Result "1-0"]
[WhiteElo "2365"]
[BlackElo "2330"]
[PlyCount "95"]
[EventDate "1983.??.??"]

1. Nf3 Nf6 2. d4 c5 3. c3 e6 4. Bg5 d5 5. e3 Nbd7 6. Nbd2 Be7 7. Bd3 O-O 8. O-O
b6 9. Ne5 Nxe5 10. dxe5 Nd7 11. Bf4 Qc7 12. Nf3 Bb7 13. Qc2 g6 14. Qe2 Rfe8 15.
e4 Bf8 16. exd5 Bxd5 17. Be4 Nf6 18. Bxd5 Nxd5 19. Bg3 Ne7 20. Nd2 Nf5 21. Bf4
Bg7 22. g4 Ne7 23. Bg3 Nc6 24. Nc4 Red8 25. a4 Rd5 26. f4 Rad8 27. Bh4 R8d7 28.
Nd6 Nxe5 29. Ne8 Qc6 30. fxe5 Rd2 31. Qf3 Qxf3 32. Rxf3 Bxe5 33. Nf6+ Bxf6 34.
Bxf6 Rxb2 35. Rf2 Rxf2 36. Kxf2 Kf8 37. c4 Ke8 38. Ke3 Rd6 39. Ra3 Kd7 40. Rd3
Rxd3+ 41. Kxd3 a6 42. Ke4 Kc6 43. Kf4 b5 44. axb5+ axb5 45. cxb5+ Kxb5 46. Kg5
Kc4 47. Kh6 Kd5 48. Kxh7 1-0